| 000 | 00748nam a22002417a 4500 | ||
|---|---|---|---|
| 003 | OSt | ||
| 005 | 20251106121243.0 | ||
| 008 | 250905t2008 br ao|||r|||| 00| 1 por d | ||
| 020 | _a978-85-232-0493-8 | ||
| 040 |
_cAR-RoUNCS _aAR-RoUNCS |
||
| 080 | _0821.134.3(81)-34 | ||
| 100 | 0 | _aVigaGordhilho. | |
| 245 | 1 | 0 |
_aOnde as casas se vestem de céu? : _bum conto para todas as idades / _cVigaGordilho. |
| 260 |
_aSalvador (Brasil) : _bEdufba, _c2008. |
||
| 300 |
_a60 p. : _bil. col ; _c20cm. |
||
| 490 | 0 |
_aLusa um conceito azul _aCixas de afeto |
|
| 500 | _aContiene Folleto en Español | ||
| 546 | _aEn portugués. | ||
| 650 | 4 |
_aCuentos brasileros _ySiglo XX |
|
| 650 | 4 | _aArte y literatura | |
| 655 | 4 | _aCuentos populares | |
| 942 |
_2udc _cLPD _n0 |
||
| 999 |
_c575 _d575 |
||